000 00872pam a2200289 4500
001 788101
003 OSt
005 20140310182206.0
008 740319s1974 paua 000 0aeng
010 _a 74005205
020 _a080070665X
040 _aDLC
_cDLC
_dDLC
043 _ae-ne---
050 0 0 _aBR 1725
_b.T35 1974
082 0 0 _aHS 269.20924
_bT22 1974
100 2 _aBoom, Corrie Ten
_916502
245 1 0 _aTramp for the Lord /
_cCorrie ten Boom, with Jamie Buckingham.
260 _aFort Washington, Pa. :
_bChristian Literature Crusade,
_cc1974.
300 _a192 p. :
_bill. ;
_c17 cm.
350 _a$5.95
600 2 0 _aTen Boom, Corrie.
_910675
650 0 _aChristian biography
_zNetherlands.
_916503
700 1 _aBuckingham, Jamie,
_ejoint author.
_916504
906 _a7
_bcbc
_corignew
_d1
_eocip
_f19
_gy-gencatlg
942 _2lcc
_cHS
999 _c10342
_d10342